Random Country Shapes: Europe - Statistics

General Stats
  • This quiz has been taken 36 times
    23 since last reset
  • The average score is 38 of 45
Answer Stats
Picture Answer % Correct
Netherlands
100%
Greece
93%
Austria
87%
Bosnia and Herzegovina
87%
Croatia
87%
France
87%
Germany
87%
Iceland
87%
Ireland
87%
Italy
87%
Latvia
87%
Liechtenstein
87%
Lithuania
87%
Luxembourg
87%
Moldova
87%
Norway
87%
Romania
87%
Russia
87%
Serbia
87%
Sweden
87%
Switzerland
87%
Ukraine
87%
United Kingdom
87%
Albania
80%
Andorra
80%
Belarus
80%
Belgium
80%
Czech Republic
80%
Denmark
80%
Estonia
80%
Finland
80%
Hungary
80%
Kosovo
80%
Malta
80%
Monaco
80%
Montenegro
80%
North Macedonia
80%
Portugal
80%
Slovakia
80%
Slovenia
80%
Spain
80%
Vatican City
80%
Bulgaria
73%
Poland
73%
San Marino
73%
No matching quizzes found
Score Distribution
Percent of People with Each Score
Percentile by Number Answered
Your Score History
You have not taken this quiz since the last reset